Syria and Lebanon / (Record no. 21846)

MARC details
000 -LEADER
fixed length control field 00780nam a2200277 4500
001 - CONTROL NUMBER
control field 3133253
003 - CONTROL NUMBER IDENTIFIER
control field BDDh-ASL
005 - DATE AND TIME OF LATEST TRANSACTION
control field 20231015030042.0
008 - FIXED-LENGTH DATA ELEMENTS--GENERAL INFORMATION
fixed length control field 701110s1968 le b b 001 0 eng
010 ## - LIBRARY OF CONGRESS CONTROL NUMBER
LC control number 72017476
040 ## - CATALOGING SOURCE
Original cataloging agency DLC
Transcribing agency DLC
Modifying agency DLC
-- BDDh-ASL
043 ## - GEOGRAPHIC AREA CODE
Geographic area code a-le---
-- a-sy---
050 00 - LIBRARY OF CONGRESS CALL NUMBER
Classification number DS93
Item number .Z5 1968
082 00 - DEWEY DECIMAL CLASSIFICATION NUMBER
Classification number 327.5691
Item number ZIS
100 1# - MAIN ENTRY--PERSONAL NAME
Personal name Ziadeh, Nicola A.
245 10 - TITLE STATEMENT
Title Syria and Lebanon /
Statement of responsibility, etc. by Nicola A. Ziadeh.
260 ## - PUBLICATION, DISTRIBUTION, ETC.
Place of publication, distribution, etc. Beirut:
Name of publisher, distributor, etc. Librairie du Liban,
Date of publication, distribution, etc. [c1968]
300 ## - PHYSICAL DESCRIPTION
Extent 312 p.
Other physical details maps (1 fold.)
Dimensions 23 cm.
490 0# - SERIES STATEMENT
Series statement Arab background series
500 ## - GENERAL NOTE
General note Preface dated 1956.
504 ## - BIBLIOGRAPHY, ETC. NOTE
Bibliography, etc. note Bibliography: p. 299-300.
651 #0 - SUBJECT ADDED ENTRY--GEOGRAPHIC NAME
Geographic name Syria.
651 #0 - SUBJECT ADDED ENTRY--GEOGRAPHIC NAME
Geographic name Lebanon.
906 ## - LOCAL DATA ELEMENT F, LDF (RLIN)
a 7
b cbc
c orignew
d 5
e ncip
f 19
g y-gencatlg
942 ## - ADDED ENTRY ELEMENTS (KOHA)
Source of classification or shelving scheme Dewey Decimal Classification
Koha item type Books
Holdings
Withdrawn status Lost status Source of classification or shelving scheme Damaged status Not for loan Collection code Home library Current library Shelving location Date acquired Source of acquisition Total Checkouts Full call number Barcode Date last seen Copy number Price effective from Koha item type
    Dewey Decimal Classification     Non-fiction Asiatic Society Library Asiatic Society Library General Stacks 02/15/2021 ASB Collection   327.5691 ZIS 105832 02/15/2021 C-1 02/15/2021 Books

Powered by Koha